000 00974nam a2200277 i 4500
001 196908
003 ES-MaACL
005 20251019063101.0
007 t|
008 250127s1946 sp ||||1| spa d
040 _bspa
_cES-MaACL
100 1 _aVan Loon, Hendrik Willem,
_d1882-1944
_9170485
245 1 4 _aLas artes /
_clibro escrito e ilustrado por Hendrik Willem van Loon; traducción Mario Ruiz Ferrán.
250 _a3a ed.
260 _aBarcelona :
_bMiracle,
_c1946.
300 _a722 p., 25 lám., 47 lám. col. :
_bil. ;
_c25 cm.
336 _2rdacontent
_atexto
337 _2rdamedia
_asin mediación
338 _2rdacarrier
_avolumen
700 0 _aRuiz Ferrán, Mario
_9100798
852 _aES-MaACL
_jG-16081
_bR.153054
_cDEPO2
_hDonación: Carlos D'Ors
_9204571
903 _987369
_aOrs Führer, Carlos d'
_ednr
942 _2udc
_cMONOGRAFIA
_n0
999 _c196908
_d196908